[Event "I Festival A"]
[Site "Fano ITA"]
[Date "2012.08.02"]
[Round "5"]
[White "Faini, Marco"]
[Black "Tonel, Giulia"]
[WhiteElo "1908"]
[BlackElo "1967"]
[Result "1-0"]
[PlyCount "52"]
[EventDate "2012.07.30"]

1. c4 Nf6 2. g3 g6 3. Bg2 Bg7 4. Nc3 d6 5. e4 O-O 6. Nge2 e5 7. d3 c6 8. Rb1 a5
9. a3 Be6 10. O-O Qd7 11. b4 axb4 12. axb4 b5 13. cxb5 cxb5 14. Be3 Ng4 15. Bd2
f5 16. exf5 Bxf5 17. Bxa8 Bxd3 18. Bd5+ Kh8 19. Ra1 Qf5 20. f3 Nf6 21. Be4 Bxe4
22. fxe4 Qh3 23. Nc1 Nc6 24. Nd3 Nd7 25. Nf2 Qe6 26. Kg2 d5 1-0

[Event "I Festival A"]
[Site "Fano ITA"]
[Date "2012.08.02"]
[Round "5"]
[White "Gromovs, Sergejs"]
[Black "Rubini, Alessandro"]
[WhiteElo "2233"]
[BlackElo "1917"]
[Result "1-0"]
[PlyCount "41"]
[EventDate "2012.07.30"]

1. e4 c5 2. d4 cxd4 3. c3 d3 4. c4 Nf6 5. Bxd3 Nc6 6. Nf3 d6 7. h3 e6 8. Nc3
Be7 9. O-O O-O 10. Bf4 a6 11. Qe2 Qc7 12. Rac1 Nh5 13. Bh2 b6 14. Nd5 exd5 15.
cxd5 Bb7 16. dxc6 Bxc6 17. Nd4 Nf6 18. Nxc6 Rfc8 19. e5 dxe5 20. Bxe5 Qd7 21.
Bf5 1-0

[Event "I Festival A"]
[Site "Fano ITA"]
[Date "2012.08.02"]
[Round "5"]
[White "Iasman, Inna"]
[Black "Rovedi, Mauro"]
[WhiteElo "1970"]
[BlackElo "2056"]
[Result "1/2-1/2"]
[PlyCount "94"]
[EventDate "2012.07.30"]

1. d4 d5 2. c4 c6 3. Nc3 Nf6 4. Nf3 e6 5. e3 Bd6 6. Bd3 O-O 7. O-O Nbd7 8. e4
dxe4 9. Nxe4 Nxe4 10. Bxe4 e5 11. dxe5 Nxe5 12. Nxe5 Bxe5 13. Bxh7+ Kxh7 14.
Qh5+ Kg8 15. Qxe5 Re8 16. Qh5 Qd4 17. Be3 Qxc4 18. Rfe1 Qe4 19. b3 Be6 20. Rac1
Bd5 21. f3 Qd3 22. Bf2 Rxe1+ 23. Rxe1 a5 24. Qe5 Qg6 25. Bd4 a4 26. Re3 axb3
27. axb3 Ra2 28. Qb8+ Kh7 29. Qg3 Qxg3 30. hxg3 Rd2 31. Bc5 Rb2 32. b4 b6 33.
Bf8 Rc2 34. Ra3 Bc4 35. Ra7 Rc1+ 36. Kh2 Rc2 37. Kh3 Bf1 38. Rxf7 Bxg2+ 39. Kg4
Kg8 40. Rf4 c5 41. bxc5 bxc5 42. Bd6 c4 43. Kg5 Rd2 44. Bb4 Rd3 45. Rxc4 Rxf3
46. g4 Rf7 47. Rd4 Kh7 1/2-1/2

[Event "I Festival A"]
[Site "Fano ITA"]
[Date "2012.08.02"]
[Round "5"]
[White "Laketic, Gojko"]
[Black "Petrone, Gianmario"]
[WhiteElo "2440"]
[BlackElo "1930"]
[Result "1-0"]
[PlyCount "49"]
[EventDate "2012.07.30"]

1. d4 Nf6 2. c4 g6 3. Nc3 Bg7 4. e4 d6 5. Nf3 O-O 6. Be2 e5 7. d5 a5 8. Bg5 h6
9. Bh4 g5 10. Bg3 Nh5 11. h4 Nxg3 12. fxg3 g4 13. Nd2 h5 14. Bd3 Bh6 15. Qe2
Na6 16. O-O Bd7 17. Rf2 Nc5 18. Bc2 c6 19. Raf1 Qb6 20. Nd1 cxd5 21. cxd5 Na4
22. Nc4 Qc5 23. Kh2 Ra6 24. Bxa4 b5 25. Na3 1-0

[Event "I Festival A"]
[Site "Fano ITA"]
[Date "2012.08.02"]
[Round "5"]
[White "Mandolini, Riccardo"]
[Black "Pulito, Alberto"]
[WhiteElo "2091"]
[BlackElo "2252"]
[Result "0-1"]
[PlyCount "42"]
[EventDate "2012.07.30"]

1. Nc3 Nf6 2. e4 d6 3. d4 Nbd7 4. Nf3 e5 5. a4 Be7 6. h3 O-O 7. g4 c6 8. Be3 b6
9. g5 Ne8 10. d5 Bb7 11. Bc4 Nc7 12. Qd2 a6 13. dxc6 Bxc6 14. Rd1 Nc5 15. Bxc5
bxc5 16. Nd5 Ne6 17. b3 Bxg5 18. Nxg5 Nxg5 19. Qd3 Kh8 20. h4 Ne6 21. Bxa6 Qa5+
0-1

[Event "I Festival A"]
[Site "Fano ITA"]
[Date "2012.08.02"]
[Round "5"]
[White "Marozzi, Giovanni"]
[Black "Vincenzi, Marco"]
[WhiteElo "1928"]
[BlackElo "2103"]
[Result "0-1"]
[PlyCount "74"]
[EventDate "2012.07.30"]

1. e4 e5 2. Nf3 Nc6 3. Bb5 a6 4. Ba4 Nge7 5. c3 g6 6. d4 exd4 7. cxd4 Bg7 8. d5
b5 9. Bb3 Na5 10. d6 cxd6 11. Qxd6 Nxb3 12. axb3 O-O 13. Bg5 f6 14. Bf4 Bb7 15.
Nc3 Nc8 16. Qd3 f5 17. e5 Nb6 18. O-O b4 19. Na4 Be4 20. Qd6 Nd5 21. e6 dxe6
22. Qxe6+ Kh8 23. Bg5 Qe8 24. Qxe8 Rfxe8 25. Nd2 Bd3 26. Rfe1 h6 27. Be3 Nxe3
28. Rxe3 Rxe3 29. fxe3 Rc8 30. Nc4 Bxc4 31. bxc4 Rxc4 32. Nb6 Rc2 33. Rxa6 Rxb2
34. Ra8+ Kh7 35. Nd5 g5 36. g3 b3 37. Rb8 Rd2 0-1

[Event "I Festival A"]
[Site "Fano ITA"]
[Date "2012.08.02"]
[Round "5"]
[White "Mazzarini, Daniele"]
[Black "Gambardella, Piero"]
[WhiteElo "1905"]
[BlackElo "1992"]
[Result "0-1"]
[PlyCount "78"]
[EventDate "2012.07.30"]

1. d4 f5 2. g3 Nf6 3. Bg2 g6 4. Nh3 c6 5. O-O Bg7 6. c4 O-O 7. Nc3 d6 8. d5 Bd7
9. Nf4 Na6 10. Rb1 Nc5 11. b4 Nce4 12. Bb2 Nxf2 13. Rxf2 Ng4 14. Na4 Bxb2 15.
Rxb2 Nxf2 16. Kxf2 Qe8 17. Nc3 g5 18. Nh3 f4 19. Kg1 Qh5 20. Nf2 Rf6 21. Nce4
Rh6 22. Rb3 Qxh2+ 23. Kf1 Rg6 24. g4 f3 25. Rxf3 Qe5 26. Nc3 Rf8 27. Rxf8+ Kxf8
28. Nce4 Rg7 29. Kg1 Rf7 30. Qc1 h6 31. Qc3 Qxc3 32. Nxc3 Rf4 33. dxc6 bxc6 34.
e4 Bxg4 35. Nxg4 Rxg4 36. a4 Rg3 37. Ne2 Rb3 38. b5 cxb5 39. cxb5 Ra3 0-1

[Event "I Festival A"]
[Site "Fano ITA"]
[Date "2012.08.02"]
[Round "5"]
[White "Pein, Malcolm"]
[Black "Varvaglione, Antonio"]
[WhiteElo "2377"]
[BlackElo "2011"]
[Result "1-0"]
[PlyCount "65"]
[EventDate "2012.07.30"]

1. d4 Nf6 2. Nf3 c5 3. d5 b5 4. Bg5 Bb7 5. Bxf6 gxf6 6. e3 a6 7. c4 b4 8. g3 d6
9. Bg2 Bg7 10. Nh4 Qd7 11. O-O f5 12. Qc2 e6 13. Nd2 O-O 14. Rad1 Qe7 15. f4
Kh8 16. e4 fxe4 17. Nxe4 f5 18. Ng5 exd5 19. Nxf5 Rxf5 20. Qxf5 Bd4+ 21. Kh1
dxc4 22. Rfe1 Bxg2+ 23. Kxg2 Qb7+ 24. Kh3 Nc6 25. Nf7+ Kg7 26. Nxd6 Qc7 27.
Ne8+ Rxe8 28. Rxe8 Qd6 29. Qg4+ Qg6 30. Qd7+ Kh6 31. Re6 Bf6 32. Rxf6 Qxf6 33.
Rd6 1-0

[Event "I Festival A"]
[Site "Fano ITA"]
[Date "2012.08.02"]
[Round "5"]
[White "Rago, Riccardo"]
[Black "Cardarelli, Angelo"]
[WhiteElo "2079"]
[BlackElo "1954"]
[Result "0-1"]
[PlyCount "72"]
[EventDate "2012.07.30"]

1. e4 e6 2. d4 d5 3. Nd2 Be7 4. Ngf3 Nf6 5. Bd3 c5 6. e5 Nfd7 7. c3 Nc6 8. O-O
a5 9. dxc5 Ndxe5 10. Nxe5 Nxe5 11. Bb5+ Bd7 12. Qe2 Bxb5 13. Qxb5+ Qd7 14. Qe2
Nc6 15. Qg4 O-O 16. f4 Bxc5+ 17. Kh1 Ne7 18. Nf3 f6 19. Re1 Ra6 20. Bd2 Nf5 21.
Rad1 Nd6 22. Bc1 Ne4 23. Rxe4 f5 24. Ne5 Qe7 25. Qe2 fxe4 26. Be3 Bd6 27. Qb5
Bxe5 28. fxe5 Rf5 29. Bc5 Qf7 30. Bd4 Ra8 31. h3 Rf8 32. Kg1 Qh5 33. Re1 Qh4
34. Rd1 Qg3 35. Qe2 Rf3 36. Kh1 Rf2 0-1

[Event "I Festival A"]
[Site "Fano ITA"]
[Date "2012.08.02"]
[Round "5"]
[White "Rizzardi, Franco"]
[Black "Di Lascio, Savino"]
[WhiteElo "2026"]
[BlackElo "1946"]
[Result "1-0"]
[PlyCount "67"]
[EventDate "2012.07.30"]

1. e4 c6 2. d4 d5 3. Nd2 dxe4 4. Nxe4 Nf6 5. Ng3 h5 6. Nf3 h4 7. Ne2 Bf5 8. Nf4
Nbd7 9. Bc4 e6 10. h3 Qc7 11. Qe2 Nb6 12. Bd3 Bxd3 13. Nxd3 Nfd5 14. Bd2 Nc4
15. Bg5 Be7 16. Bxe7 Qxe7 17. Nfe5 Nxb2 18. O-O Nxd3 19. Qxd3 Rd8 20. f4 Qd6
21. c3 Nxf4 22. Qf3 g5 23. Rae1 Qd5 24. Qg4 f6 25. Rxf4 gxf4 26. Qg6+ Ke7 27.
Qg7+ Kd6 28. Nf7+ Kc7 29. Nxh8+ Rd7 30. Qxf6 Qxa2 31. Qxf4+ Kb6 32. Nf7 Qc2 33.
Ne5 Rg7 34. Nc4+ 1-0

[Event "I Festival A"]
[Site "Fano ITA"]
[Date "2012.08.02"]
[Round "5"]
[White "Salzano, Guido"]
[Black "Piro, Valerio"]
[WhiteElo "2023"]
[BlackElo "2013"]
[Result "1/2-1/2"]
[PlyCount "40"]
[EventDate "2012.07.30"]

1. e4 c6 2. d4 d5 3. e5 Bf5 4. Nf3 e6 5. Be2 c5 6. Be3 cxd4 7. Nxd4 Ne7 8. Nd2
Nbc6 9. N2f3 a6 10. O-O Bg4 11. c3 Bxf3 12. Nxf3 Ng6 13. Bd4 Qc7 14. Re1 Be7
15. g3 O-O 16. Bd3 Rfc8 17. h4 Nf8 18. Ng5 Bxg5 19. hxg5 g6 20. Qe2 Nxd4
1/2-1/2

[Event "I Festival A"]
[Site "Fano ITA"]
[Date "2012.08.02"]
[Round "5"]
[White "Sindoni, Antonio"]
[Black "Buriani, Andrea"]
[WhiteElo "1931"]
[BlackElo "2174"]
[Result "0-1"]
[PlyCount "90"]
[EventDate "2012.07.30"]

1. e4 e5 2. Nf3 Nc6 3. Bb5 a6 4. Ba4 Nf6 5. d4 exd4 6. O-O Be7 7. e5 Ne4 8. Re1
Nc5 9. Bxc6 dxc6 10. Qxd4 O-O 11. Bf4 Bf5 12. Qc4 Ne6 13. Bg3 Qd5 14. Qe2 Qc5
15. Nc3 h6 16. a3 a5 17. Rad1 a4 18. h3 b5 19. Ne4 Qb6 20. c3 c5 21. Qe3 Qc6
22. Nh4 Bxe4 23. Qxe4 Qxe4 24. Rxe4 Rfb8 25. Rd7 Bxh4 26. Bxh4 g5 27. Bg3 Rd8
28. Rxd8+ Rxd8 29. Re2 Rd1+ 30. Kh2 Kg7 31. f3 Kg6 32. Rc2 Kf5 33. Re2 c4 34.
Bf2 Nf4 35. Rc2 Nd3 36. Bd4 Rb1 37. Kg3 Nxb2 38. h4 Nd3 39. Ra2 Rb3 40. hxg5
hxg5 41. e6 fxe6 42. Kh3 c5 43. g4+ Kg6 44. Bh8 e5 45. Re2 Nf4+ 0-1

[Event "I Festival A"]
[Site "Fano ITA"]
[Date "2012.08.02"]
[Round "5"]
[White "Solodovnichenko, Yuri"]
[Black "David, Alberto"]
[WhiteElo "2598"]
[BlackElo "2605"]
[Result "1/2-1/2"]
[PlyCount "21"]
[EventDate "2012.07.30"]

1. e4 e6 2. d4 d5 3. Nc3 Bb4 4. Nge2 Nc6 5. a3 Ba5 6. Be3 Nge7 7. b4 Bb6 8. Na4
O-O 9. c4 dxc4 10. Nxb6 axb6 11. Nc3 1/2-1/2

[Event "I Festival A"]
[Site "Fano ITA"]
[Date "2012.08.02"]
[Round "5"]
[White "Stella, Andrea"]
[Black "Rusev, Krasimir"]
[WhiteElo "2442"]
[BlackElo "2540"]
[Result "1/2-1/2"]
[PlyCount "20"]
[EventDate "2012.07.30"]

1. Nf3 d5 2. c4 c6 3. cxd5 cxd5 4. d4 Nc6 5. Nc3 Nf6 6. Bf4 a6 7. e3 Bg4 8. Be2
e6 9. O-O Be7 10. Qb3 Na5 1/2-1/2

[Event "I Festival A"]
[Site "Fano ITA"]
[Date "2012.08.03"]
[Round "6"]
[White "Brancaleoni, Maurizio"]
[Black "Parpinel, Marco"]
[WhiteElo "2224"]
[BlackElo "2159"]
[Result "1-0"]
[PlyCount "59"]
[EventDate "2012.07.30"]

1. Nf3 Nc6 2. d4 d5 3. g3 Bg4 4. Bg2 e6 5. O-O Bd6 6. c4 Nf6 7. Nc3 dxc4 8. Qa4
O-O 9. Qxc4 h6 10. Nb5 Be7 11. Ne5 Na5 12. Qa4 c6 13. Nxg4 Nxg4 14. Nc3 Nf6 15.
Bd2 Rc8 16. Rfd1 b6 17. Rac1 Nd5 18. Nb1 f5 19. Na3 f4 20. Bxa5 fxg3 21. Be1
gxf2+ 22. Bxf2 Rxf2 23. Kxf2 Bh4+ 24. Kg1 Qg5 25. Kh1 Ne3 26. Bf3 Ng4 27. Bxg4
Qxg4 28. Rg1 Qe4+ 29. Rg2 a5 30. Qc2 1-0

[Event "I Festival A"]
[Site "Fano ITA"]
[Date "2012.08.03"]
[Round "6"]
[White "Caprio, Guido"]
[Black "Banusz, Tamas"]
[WhiteElo "2430"]
[BlackElo "2556"]
[Result "0-1"]
[PlyCount "110"]
[EventDate "2012.07.30"]

1. Nf3 d5 2. d4 Nf6 3. c4 c6 4. cxd5 cxd5 5. Nc3 Nc6 6. Bf4 Bf5 7. Qb3 Na5 8.
Qa4+ Bd7 9. Qc2 Rc8 10. e3 e6 11. Bd3 b5 12. Qe2 Bb4 13. O-O a6 14. Nb1 O-O 15.
Bg5 Be7 16. Nbd2 Nc4 17. Nb3 a5 18. Nc5 Bxc5 19. dxc5 Rxc5 20. b3 Nd6 21. Ne5
Nde4 22. Bxe4 dxe4 23. Bxf6 gxf6 24. Qg4+ Kh8 25. Nxd7 Qxd7 26. Qxe4 Rd8 27. g3
Qd5 28. Qh4 Qg5 29. Qe4 Qd5 30. Qh4 Qf3 31. Rac1 Rxc1 32. Rxc1 Rd2 33. g4 Kg7
34. Qg3 Qxg3+ 35. hxg3 Rxa2 36. Rc5 b4 37. Kg2 Kf8 38. Rc8+ Ke7 39. Rc7+ Kd6
40. Rxf7 Ra3 41. Rxh7 Rxb3 42. f4 a4 43. g5 fxg5 44. fxg5 Rb2+ 45. Kf3 Rb1 46.
g6 Rf1+ 47. Ke2 Rf6 48. Rh6 Rf8 49. Rh4 Kc5 50. g7 Rg8 51. Kd3 a3 52. Rh5+ Kb6
53. Kc2 a2 54. Kb2 Ra8 55. Ka1 b3 0-1

[Event "I Festival A"]
[Site "Fano ITA"]
[Date "2012.08.03"]
[Round "6"]
[White "Cardarelli, Angelo"]
[Black "Collutiis, Duilio"]
[WhiteElo "1954"]
[BlackElo "2508"]
[Result "0-1"]
[PlyCount "70"]
[EventDate "2012.07.30"]

1. e4 c5 2. Nf3 Nc6 3. d4 cxd4 4. Nxd4 Qc7 5. Nc3 e6 6. g3 a6 7. Bg2 h5 8. O-O
h4 9. Re1 hxg3 10. hxg3 d6 11. Nxc6 bxc6 12. Na4 Bb7 13. c4 c5 14. b3 Ne7 15.
Bb2 Nc6 16. Nc3 Be7 17. Ne2 Bf6 18. Rb1 Rd8 19. Qd2 Rd7 20. a3 a5 21. Bc3 Rh7
22. Qc2 Bxc3 23. Qxc3 Ke7 24. f4 Rd8 25. Rbd1 Rdh8 26. Rd2 e5 27. fxe5 dxe5 28.
Rd5 Nd4 29. Nxd4 exd4 30. Qf3 Rh6 31. Rg5 Rf6 32. Qg4 g6 33. Bh3 Bc8 34. e5
Bxg4 35. exf6+ Kxf6 0-1

[Event "I Festival A"]
[Site "Fano ITA"]
[Date "2012.08.03"]
[Round "6"]
[White "David, Alberto"]
[Black "Djuric, Stefan"]
[WhiteElo "2605"]
[BlackElo "2442"]
[Result "1/2-1/2"]
[PlyCount "55"]
[EventDate "2012.07.30"]

1. e4 e5 2. Nf3 Nc6 3. Bb5 a6 4. Ba4 Nf6 5. O-O Be7 6. Re1 b5 7. Bb3 O-O 8. c3
d6 9. h3 h6 10. d4 Re8 11. Nbd2 Bf8 12. Nf1 Bd7 13. Ng3 Na5 14. Bc2 c5 15. d5
Nc4 16. Nh2 Qc8 17. Qf3 Qc7 18. Nf5 Bxf5 19. Qxf5 Nb6 20. Nf1 c4 21. Ne3 Nbd7
22. Qf3 g6 23. Bd2 Kh7 24. b3 cxb3 25. axb3 Bg7 26. c4 Reb8 27. Rec1 b4 28. Nd1
1/2-1/2

[Event "I Festival A"]
[Site "Fano ITA"]
[Date "2012.08.03"]
[Round "6"]
[White "Di Lascio, Savino"]
[Black "Sindoni, Antonio"]
[WhiteElo "1946"]
[BlackElo "1931"]
[Result "1-0"]
[PlyCount "81"]
[EventDate "2012.07.30"]

1. Nf3 Nf6 2. g3 d5 3. Bg2 Bf5 4. d3 e6 5. O-O Nbd7 6. Nbd2 h6 7. c4 c6 8. a3
Be7 9. b4 O-O 10. Bb2 b5 11. cxb5 cxb5 12. Nd4 Qb6 13. Nxf5 exf5 14. Qb3 Qd6
15. Nf3 a6 16. Nd4 g6 17. Rfc1 Rfc8 18. Rxc8+ Rxc8 19. Rc1 Rxc1+ 20. Bxc1 Kh7
21. e4 fxe4 22. dxe4 Nb6 23. Bf4 Qd7 24. h3 Nc4 25. e5 Nh5 26. Qf3 Nxf4 27.
gxf4 Nb6 28. f5 g5 29. f6 Bf8 30. Qd3+ Kh8 31. Nb3 Qc6 32. Qd1 Qc4 33. Nd4 Kg8
34. h4 Qc3 35. hxg5 hxg5 36. Bf1 Nc4 37. e6 fxe6 38. Qg4 Nd2 39. Qxe6+ Kh7 40.
Qf7+ Kh6 41. Nf5# 1-0

[Event "I Festival A"]
[Site "Fano ITA"]
[Date "2012.08.03"]
[Round "6"]
[White "Fico, Massimiliano"]
[Black "Faini, Marco"]
[WhiteElo "2281"]
[BlackElo "1908"]
[Result "1-0"]
[PlyCount "101"]
[EventDate "2012.07.30"]

1. e4 c5 2. c3 d6 3. d4 Nf6 4. Bd3 g6 5. Nf3 Bg7 6. O-O O-O 7. h3 Nc6 8. Be3
Nd7 9. Nbd2 Rb8 10. Rc1 b5 11. d5 Nce5 12. Nxe5 Nxe5 13. Bb1 a5 14. b3 b4 15.
cxb4 axb4 16. f4 Nd7 17. Nc4 Ba6 18. h4 h5 19. g4 hxg4 20. Qxg4 Nf6 21. Qg2 Kh8
22. Rcd1 Bxc4 23. bxc4 Bh6 24. Qf3 Qd7 25. f5 Bxe3+ 26. Qxe3 gxf5 27. Qh6+ Nh7
28. Rxf5 Rg8+ 29. Kh2 Rg6 30. Qh5 Rbg8 31. e5 Rg2+ 32. Kh1 R8g7 33. e6 Qe8 34.
exf7 Qf8 35. Rdf1 Rb2 36. Rg5 Rxb1 37. Rxb1 Qxf7 38. Qxf7 Rxf7 39. Rgg1 Rf2 40.
Rge1 Rxa2 41. Rxe7 Ra6 42. Rf1 Ra8 43. Rff7 Nf8 44. h5 b3 45. Rb7 Kg8 46. Rg7+
Kh8 47. h6 Re8 48. Rxb3 Nh7 49. Rb6 Nf6 50. Rxd6 Ne4 51. Re6 1-0

[Event "I Festival A"]
[Site "Fano ITA"]
[Date "2012.08.03"]
[Round "6"]
[White "Gallucci, Alessio"]
[Black "Calavalle, Giulio"]
[WhiteElo "2245"]
[BlackElo "2185"]
[Result "1-0"]
[PlyCount "103"]
[EventDate "2012.07.30"]

1. d4 d5 2. Nf3 Nf6 3. e3 e6 4. Nbd2 Nbd7 5. Bd3 c5 6. c3 Bd6 7. O-O O-O 8. Re1
Re8 9. e4 dxe4 10. Nxe4 Nxe4 11. Rxe4 cxd4 12. Rxd4 Be7 13. Bb5 Bf6 14. Rxd7
Bxd7 15. Qxd7 Qxd7 16. Bxd7 Red8 17. Ba4 b5 18. Bc2 Rac8 19. Be3 b4 20. Bxa7
bxc3 21. b4 Rd2 22. Rc1 Ra8 23. Be3 Rdd8 24. a4 e5 25. Bb6 Rd7 26. a5 Be7 27.
Nxe5 Rd2 28. Nf3 Bxb4 29. Nxd2 cxd2 30. Rd1 g6 31. Kf1 Bxa5 32. Bxa5 Rxa5 33.
Rxd2 Ra7 34. h4 h5 35. g3 Kg7 36. Kg2 Rc7 37. Bb3 Rb7 38. Ba2 Rc7 39. Re2 Rd7
40. Rb2 Ra7 41. Bd5 Ra5 42. Bf3 Ra4 43. Rb7 Rd4 44. Bc6 Rd6 45. Ba4 Rf6 46. Bb3
Rf5 47. f4 Kf8 48. Kf3 Ke8 49. Ke4 Kf8 50. Rxf7+ Rxf7 51. Bxf7 Kxf7 52. Ke5 1-0

[Event "I Festival A"]
[Site "Fano ITA"]
[Date "2012.08.03"]
[Round "6"]
[White "Gambardella, Piero"]
[Black "Piro, Valerio"]
[WhiteElo "1992"]
[BlackElo "2013"]
[Result "1-0"]
[PlyCount "123"]
[EventDate "2012.07.30"]

1. d4 d5 2. c4 c6 3. cxd5 cxd5 4. Nf3 Nc6 5. Nc3 Nf6 6. Bf4 Bf5 7. e3 e6 8. Bb5
Rc8 9. Ne5 Bd6 10. Qa4 Bxe5 11. dxe5 Ne4 12. Nxe4 Bxe4 13. f3 Bg6 14. Qxa7 Qe7
15. O-O O-O 16. Bxc6 Rxc6 17. Rfc1 Qc7 18. Rxc6 Qxc6 19. Qd4 Ra8 20. a3 h6 21.
Bg3 Ra4 22. b4 b5 23. Bh4 Qc4 24. Be7 Qxd4 25. exd4 Bd3 26. Kf2 Ra6 27. Ke3 Bc4
28. Kd2 Ra7 29. Bc5 Ra6 30. Kc3 Kh7 31. Kb2 Kg8 32. Rd1 Rc6 33. Re1 Rc7 34. Re3
Rc8 35. Kc1 Re8 36. Kd2 Kh7 37. Ke1 Kg6 38. Kf2 Kh7 39. g4 Kg8 40. f4 g6 41. f5
exf5 42. gxf5 gxf5 43. Rf3 Re6 44. Rxf5 Kg7 45. Bd6 Kg6 46. Rf3 f5 47. Ke3 Ba2
48. Kf4 Bb1 49. Rc3 Kh5 50. Bf8 Re8 51. Rh3+ Kg6 52. Rxh6+ Kf7 53. Rf6+ Kg8 54.
Bc5 Be4 55. e6 Kg7 56. Ke5 f4 57. Rxf4 Rh8 58. Rf7+ Kg6 59. Kd6 Bf5 60. Kxd5
Re8 61. Be7 Rc8 62. Rf6+ 1-0

[Event "I Festival A"]
[Site "Fano ITA"]
[Date "2012.08.03"]
[Round "6"]
[White "Gromovs, Sergejs"]
[Black "Marozzi, Giovanni"]
[WhiteElo "2233"]
[BlackElo "1928"]
[Result "0-1"]
[PlyCount "68"]
[EventDate "2012.07.30"]

1. e4 c5 2. d4 cxd4 3. c3 d3 4. c4 d6 5. Nc3 g6 6. Bxd3 Bg7 7. Nge2 Nc6 8. O-O
Nf6 9. Bg5 O-O 10. b3 Bg4 11. f3 Be6 12. Qd2 Nd7 13. Rad1 Nde5 14. Bb1 a6 15.
Kh1 Rb8 16. f4 Ng4 17. h3 Nf6 18. Nd5 Nd7 19. Nxe7+ Nxe7 20. Qxd6 Nf6 21. Qxd8
Rbxd8 22. e5 Rxd1 23. Rxd1 Ng4 24. hxg4 Bxg4 25. Bxe7 Bxe2 26. Rc1 Re8 27. Rc2
Bd3 28. Bd6 Bxc2 29. Bxc2 Bf8 30. c5 Bxd6 31. exd6 f5 32. Bd3 a5 33. Ba6 Rc8
34. Kh2 Kf8 0-1

[Event "I Festival A"]
[Site "Fano ITA"]
[Date "2012.08.03"]
[Round "6"]
[White "Iasman, Inna"]
[Black "Rizzardi, Franco"]
[WhiteElo "1970"]
[BlackElo "2026"]
[Result "1-0"]
[PlyCount "127"]
[EventDate "2012.07.30"]

1. d4 d5 2. c4 c6 3. Nc3 Nf6 4. Nf3 dxc4 5. a4 Bf5 6. e3 e6 7. Bxc4 Bb4 8. O-O
Nbd7 9. Qe2 Bg6 10. Rd1 Qc7 11. Bd2 a5 12. Rac1 h6 13. Bb3 Qb6 14. Bc2 Bxc2 15.
Rxc2 O-O 16. e4 Rfe8 17. e5 Nd5 18. Nxd5 exd5 19. Bf4 Nf8 20. Be3 Qd8 21. Qd3
Qd7 22. h3 Ng6 23. Re2 Rac8 24. Rc1 c5 25. Qd1 c4 26. Qc2 Rc6 27. g4 Qd8 28.
Qf5 Nh4 29. Nxh4 Qxh4 30. Kh2 Ree6 31. Rg1 g6 32. Qf3 Qd8 33. Bxh6 g5 34. Bxg5
Qxg5 35. Qxd5 Qf4+ 36. Rg3 c3 37. bxc3 Rxc3 38. Qe4 Qxe4 39. Rxe4 Rc2 40. Kg2
Rd2 41. g5 Rc6 42. Rf3 Rc4 43. e6 fxe6 44. Rxe6 Rcxd4 45. Rg6+ Kh7 46. Rh6+ Kg7
47. Rff6 Rd7 48. Rhg6+ Kh8 49. Rh6+ Kg8 50. h4 R2d4 51. f4 Rd3 52. h5 Ra3 53.
Rfg6+ Rg7 54. Rxg7+ Kxg7 55. Rb6 Rxa4 56. h6+ Kh8 57. Rxb7 Bd6 58. Rd7 Bxf4 59.
Rd8+ Kh7 60. Rd7+ Kh8 61. g6 Ra2+ 62. Kf3 Rd2 63. Ra7 Rd8 64. Kxf4 1-0

[Event "I Festival A"]
[Site "Fano ITA"]
[Date "2012.08.03"]
[Round "6"]
[White "Pein, Malcolm"]
[Black "Stella, Andrea"]
[WhiteElo "2377"]
[BlackElo "2442"]
[Result "1/2-1/2"]
[PlyCount "34"]
[EventDate "2012.07.30"]

1. Nf3 Nf6 2. c4 g6 3. Nc3 Bg7 4. e4 d6 5. d4 O-O 6. Be2 Na6 7. O-O e5 8. Re1
c6 9. Rb1 Re8 10. d5 Nc5 11. Bf1 a5 12. g3 Qc7 13. Bd2 Bd7 14. b3 Rab8 15. a3
cxd5 16. cxd5 b5 17. b4 axb4 1/2-1/2

[Event "I Festival A"]
[Site "Fano ITA"]
[Date "2012.08.03"]
[Round "6"]
[White "Petrone, Gianmario"]
[Black "Mandolini, Riccardo"]
[WhiteElo "1930"]
[BlackElo "2091"]
[Result "1/2-1/2"]
[PlyCount "64"]
[EventDate "2012.07.30"]

1. e4 c5 2. Nf3 Nc6 3. d4 cxd4 4. Nxd4 g6 5. c4 Bg7 6. Be3 Nf6 7. Nc3 d6 8. Be2
O-O 9. O-O Bd7 10. f3 a5 11. b3 Nxd4 12. Bxd4 Bc6 13. Rc1 Nd7 14. Be3 Nc5 15.
Qd2 Re8 16. Rfd1 Qb6 17. Nd5 Bxd5 18. cxd5 Rec8 19. Kh1 Qd8 20. Bxc5 Rxc5 21.
Rxc5 dxc5 22. a4 Qb6 23. Bb5 Rd8 24. Qf4 Qd6 25. Qxd6 exd6 26. Re1 Bd4 27. g3
Rc8 28. Kg2 Rc7 29. Re2 Re7 30. f4 f6 31. Kf3 h6 32. h3 Kg7 1/2-1/2

[Event "I Festival A"]
[Site "Fano ITA"]
[Date "2012.08.03"]
[Round "6"]
[White "Prohaszka, Peter"]
[Black "Solodovnichenko, Yuri"]
[WhiteElo "2562"]
[BlackElo "2598"]
[Result "1/2-1/2"]
[PlyCount "33"]
[EventDate "2012.07.30"]

1. d4 d5 2. c4 dxc4 3. Nf3 a6 4. e3 e6 5. Bxc4 c5 6. O-O Nf6 7. dxc5 Qxd1 8.
Rxd1 Bxc5 9. Nbd2 Nbd7 10. b3 b6 11. Bb2 Bb7 12. Be2 O-O 13. Rac1 Rfd8 14. Nc4
Bd5 15. Nce5 Nxe5 16. Nxe5 Bb7 17. h3 1/2-1/2

[Event "I Festival A"]
[Site "Fano ITA"]
[Date "2012.08.03"]
[Round "6"]
[White "Pulito, Alberto"]
[Black "Arnaudov, G. Petar"]
[WhiteElo "2252"]
[BlackElo "2486"]
[Result "1-0"]
[PlyCount "105"]
[EventDate "2012.07.30"]

1. e4 e5 2. Nf3 Nc6 3. Bc4 Bc5 4. c3 Nf6 5. d3 O-O 6. O-O d5 7. exd5 Nxd5 8. b4
Be7 9. b5 Na5 10. Bxd5 Qxd5 11. c4 Qd7 12. Bd2 e4 13. Bxa5 exf3 14. Qxf3 a6 15.
a4 axb5 16. axb5 Qf5 17. Nd2 Bf6 18. Ra3 Bb2 19. Rb3 Rxa5 20. Rxb2 Ra3 21. Rb3
Qxf3 22. gxf3 Rxb3 23. Nxb3 Rd8 24. Re1 Bf5 25. Nc1 Kf8 26. Re3 Rd6 27. Kf1 Rh6
28. Re5 Rh5 29. Ke1 b6 30. Ne2 f6 31. Rd5 g6 32. Ng3 Rxh2 33. Nxf5 gxf5 34.
Rxf5 Ke7 35. Ke2 h5 36. Ke3 h4 37. Rh5 Rh1 38. Kf4 Rd1 39. Ke4 Re1+ 40. Kf4 Rd1
41. Ke4 Re1+ 42. Kd4 Rh1 43. Kd5 Kf7 44. Kc6 Kg6 45. Rh8 Kg7 46. Re8 f5 47. f4
Rh3 48. Kxc7 Rxd3 49. Kxb6 h3 50. Re1 Rf3 51. c5 h2 52. c6 Rxf2 53. c7 1-0

[Event "I Festival A"]
[Site "Fano ITA"]
[Date "2012.08.03"]
[Round "6"]
[White "Rovedi, Mauro"]
[Black "Salzano, Guido"]
[WhiteElo "2056"]
[BlackElo "2023"]
[Result "1-0"]
[PlyCount "67"]
[EventDate "2012.07.30"]

1. f4 d5 2. Nf3 Nf6 3. d3 c5 4. g3 Nc6 5. Bg2 g6 6. O-O Bg7 7. c3 O-O 8. Nbd2
Qc7 9. e4 dxe4 10. dxe4 e5 11. f5 gxf5 12. Nh4 f4 13. gxf4 Bg4 14. Qe1 exf4 15.
Nc4 Nh5 16. Nf5 Bxf5 17. exf5 Bf6 18. Qe2 Ng7 19. Qg4 Qd7 20. Bxf4 Qd3 21. Bh6
Kh8 22. Rad1 Qc2 23. Rd2 Qa4 24. Rd6 Rg8 25. Rxf6 Ne8 26. Qh4 Ne5 27. b3 Qxa2
28. Bg5 Nxc4 29. bxc4 Nxf6 30. Bxf6+ Rg7 31. Bxg7+ Kxg7 32. Qg5+ Kh8 33. Qf6+
Kg8 34. Bd5 1-0

[Event "I Festival A"]
[Site "Fano ITA"]
[Date "2012.08.03"]
[Round "6"]
[White "Rubini, Alessandro"]
[Black "Mazzarini, Daniele"]
[WhiteElo "1917"]
[BlackElo "1905"]
[Result "1-0"]
[PlyCount "51"]
[EventDate "2012.07.30"]

1. e4 c6 2. Nf3 d5 3. Nc3 dxe4 4. Nxe4 Nf6 5. Nxf6+ gxf6 6. g3 Bg4 7. Bg2 Nd7
8. h3 Bh5 9. g4 Bg6 10. Nh4 h5 11. Nxg6 fxg6 12. Be4 Kf7 13. gxh5 Rxh5 14. d4
f5 15. Bf3 Rh8 16. Bf4 Bh6 17. Qd2 Bxf4 18. Qxf4 e5 19. Qe3 Qb6 20. O-O-O e4
21. Be2 Nf6 22. Qg5 Rhg8 23. h4 Qd8 24. h5 Nxh5 25. Bc4+ Kf8 26. Rxh5 1-0

[Event "I Festival A"]
[Site "Fano ITA"]
[Date "2012.08.03"]
[Round "6"]
[White "Rusev, Krasimir"]
[Black "Laketic, Gojko"]
[WhiteElo "2540"]
[BlackElo "2440"]
[Result "1/2-1/2"]
[PlyCount "23"]
[EventDate "2012.07.30"]

1. d4 d5 2. c4 c6 3. Nf3 Nf6 4. Nc3 a6 5. cxd5 cxd5 6. Bf4 Nc6 7. Rc1 Nh5 8.
Bd2 Nf6 9. e3 Bg4 10. Be2 e6 11. a3 Bd6 12. O-O 1/2-1/2